00336nam a2200109Ia 4500001000400000002005100004008003700055010001100092700004100103700004200144700004000186IA_REDES SOCIALES Y DE VALOR DEL QUESO CREMA DE CHIAP220117s xx 000 0 und d a186041 aAltamirano Cárdenas, Reyes, asesor aMuñoz Rodríguez, Manrrubio, dir.  aVillegas de Gante, Abraham, asesor